000 01300nam a2200385 a 4500
001 000003705
003 DO-SdBPM
005 20250821115520.0
007 ta
008 090713s2005 dr a 000 j spa d
020 _a9993442410
040 _aDO-SdBPM
_bspa
_cBPMSU
_drda
082 4 _aRD863.44
_bD542u, 2005
_222
100 1 _aDíaz Grullón, Virgilio,
_d1924-2001
110 _4
245 1 0 _aUn día cualquiera /
_cVirgilio Díaz Grullón ; presentación Alejandro Arvelo ; ilustraciones Gilberto Hernández Ortega.
250 _aEd. facsím.
264 _aSanto Domingo :
_bEdiciones FERILIBRO,
_c2005.
300 _a138 páginas ;
_c19 cm.
_b
336 _atexto
_btxt
_2rdacontent
337 _asin mediación
_bn
_2rdamedia
338 _avolumen
_bnc
_2rdacarrier
490 0 _aEdiciones FERILIBRO,
_v76
533 _aFacsím. :
_bSanto Domingo:
_cLibrería Dominicana,
_d1958.
586 _aPremio Nacional de Literatura 1958.
590 _aInventariado, 2025/VM
650 7 _aCuentos dominicanos
650 7 _aLiteratura dominicana.
650 z _aShort stories, Dominican
650 z _aDominican literature
700 1 _aArvelo, Alejandro
700 1 _aHernández Ortega, Gilberto,
_eilustraciones
910 _aVMateo V. Control de calidad BPMSU
942 _2ddc
_cBK
999 _c15344
_d15344